000 01087nam a2200229 i 4500
001 152471
003 ES-MaACL
005 20250626213647.0
008 950927s1885 sp f |||| | spa d
080 _a550.34(468.1)"1884"
100 1 _aBotella y de Hornos, Federico de,
_d1822-1899
_930760
245 1 4 _aLos terremotos de Málaga y Granada /
_cpor Federico de Botella y de Hornos.
260 _aMadrid :
_b[s.n.],
_c1885 (
_fImp. de Fortanet)
300 _a30 p., [1] h. pleg. de mapa ;
_c22 cm.
650 4 _aTerremotos-
_zMálaga (Provincia)
_9173526
650 4 _aTerremotos-
_zGranada (Provincia)
_9173525
650 4 _aTerremotos-
_zAndalucía-
_yS.XIX.
_917487
852 4 _aES-MaACL
_jB-7464(15)
_z- Enc. hol. con puntas,
_z- Enc. en un vol. facticio
_z- Legado de Federico de Botella y de Hornos
852 4 _aES-MaACL
_jB-8927(16)
_z- Enc. en un vol. facticio, agrupado con el nombre en el lomo: España, geología, memorias y documentos varios 41 al 56
_z- Legado de Federico de Botella y de Hornos
942 _2udc
999 _c152471
_d152471